Контракты с музыкантами Пицкером и Гепфертом, и купцом Пиндаром на наем дома для театральных служителей

Доступно только в Электронных читальных залах Найти на картеНа карте
RUSMARC
00003682nmc2a22000003x 450
00177852187-34fc-45bc-a91d-849fc434ade0
00520181004141653.0
100##$a20161213l18141814k l0rusy0189 ca
1010#$arus
$afre
102##$aRU
2001#$aКонтракты с музыкантами Пицкером и Гепфертом, и купцом Пиндаром на наем дома для театральных служителей
$j17 июня - 16 ноября 1814 г.
251##$cДело
300##$aНа русском и французском языках
801#0$aRU
$bРГИА
$c20161213
$gRCR
801#1$aRU
$bГлавНИВЦ
$c20161213
$2rusmarc
801#2$aRU
$bПБ им. Б.Н. Ельцина
$c20181004
$gRCR
$2rusmarc
850##$aРГИА
852##$aРГИА
$eФедеральное казенное учреждение "Российский государственный исторический архив" (РГИА)
$j1293
937##$hРГИА
$d12235860
$aASBIBLIO_SCAN
462#0$1001dd3991dc-24e1-42ec-8838-ca4255420416
$12001
$a1746-1850 гг.
$1251
$cОпись
$1852
$j1
461#0$10019264ebf8-de62-4f1a-9eb4-9f22098dbbd5
$12001
$aДирекция императорских театров МИДв
$1251
$cФонд
$1852
$j497
215##$a9 л.
$d36,5х26 см
371##$aДокумент не является опубликованным и широко распространяемым
105##$ay###
1222#$ad
035##$a77852187-34fc-45bc-a91d-849fc434ade0
856##$uhttp://readingroom.main.prlib.ru/item.aspx?id_node=n118872090&mode=full
Формат отображения